000 00591nam a2200205Ia 4500
003 OSt
005 20240415153809.0
008 210210b1961 xxu||||| |||| 00| 0 eng d
040 _cAL
041 _aHindi
082 _a864/19
100 _aDIKSHIT (Hiralal)
_dदीक्षित (हीरालाल)
_9160329
245 _aAcharya keshavdas
_bआचार्य केशवदास
260 _aSambathu
_bLaknav Vishvvidyalay
_c1961
650 _akeshavdAs
_9160330
650 _aAcharya
_9160331
690 _aHindi Criticism
_9160332
906 _a023556
942 _2ddc
_cBK
999 _c148526
_d148526